Szczegóły MARC
| 000 -Nagłówek |
| fixed length control field |
02354cam a2200505 i 4500 |
| 001 - Nr kontrolny bibl., która utworzyła rek. |
| control field |
xx001515931 |
| 003 - Siglum bibl., której nr kontr. jest w 001 |
| control field |
NUKAT |
| 005 - Data i czas ostatniej operacji |
| control field |
20260331114028.0 |
| 008 - Elementy pola stałej długości |
| fixed length control field |
100127s2009 pl a |001 0dpol c |
| 020 ## - ISBN |
| ISBN |
9788392997009 |
| dopowiedzenie |
(oprawa twarda) |
| 035 ## - Systemowy numer kontrolny |
| systemowy numer kontrolny |
(OCoLC)750603607 |
| 035 ## - Systemowy numer kontrolny |
| systemowy numer kontrolny |
(NUKAT)xx001515931 |
| 040 ## - Instytucja sporządzająca opis |
| Instytucja, która sporządziła opis |
SZCZ M/ESZ |
| język katalgowania-trzyzn. kod |
pol |
| zasady opisu |
rda |
| Instytucja, która sporządziła rekord |
SZCZ M/ESZ |
| Instytucja, która zmodyfikowała rekord |
TOR U/UDs |
| -- |
WR O/MMt |
| -- |
OLSZT 008/bak |
| 045 2# - Okres czasu dla zawartości |
| czas między r. 9999 pne a nasz. czas. |
d1945 |
| -- |
d2005 |
| 046 ## - Kod rodz. daty, data1, data2 (daty pne) |
| Date source |
2009 |
| 245 00 - Tytuł właściwy i oznaczenie odpow. |
| tytuł |
Słownik biograficzny służby melioracyjnej województwa warmińsko-mazurskiego (1945-2005) / |
| dod. inf. ze s. tyt./ozn. odpow. |
zespół redakcyjny przewodniczący: Zbigniew Żerański [i 7 pozostałych]. |
| 260 ## - Adres wydawniczy |
| miejsce wydania, dystrybucji itp. |
Olsztyn : |
| nazwa wydawcy, dystrybutora itp. |
Zarząd Melioracji i Urządzeń Wodnych ; |
| miejsce wydania, dystrybucji itp. |
Elbląg : |
| nazwa wydawcy, dystrybutora itp. |
przy współudziale Żuławskiego Zarządu Melioracji i Urządzeń Wodnych : |
| -- |
Stowarzyszenie Inżynierów i Techników Wodnych i Melioracyjnych, |
| data wydania, dystrybucji itp. |
2009. |
| 300 ## - Opis fizyczny |
| objętość i/lub forma materiału |
136 stron, [30] stron tablic (w tym kolorwych) : |
| inne szczegóły opisu fizycznego |
ilustracje ; |
| format |
25 cm. |
| 336 ## - Content Type |
| Term |
Tekst |
| Code |
txt |
| Source |
rdacontent |
| 337 ## - Media Type |
| Term |
Bez urządzenia pośredniczącego |
| Code |
n |
| Source |
rdamedia |
| 338 ## - Carrier Type |
| Term |
Wolumin |
| Code |
nc |
| Source |
rdacarrier |
| 380 ## - Form of work |
| Form of work |
Książki |
| 380 ## - Form of work |
| Form of work |
Publikacje informacyjne |
| 388 1# - TIME PERIOD OF CREATION |
| Time period of creation term |
2001- |
| 504 ## - Uwaga o bibliografii |
| uwaga o bibliografii |
Indeks. |
| 610 27 - Hasło przedmiotowe-nazwa ciała zbior. |
| nazwa ciała zbior. lub geogr. |
Stowarzyszenie Inżynierów i Techników Wodnych i Melioracyjnych |
| źródło hasła |
DBN |
| 9 (RLIN) |
39305 |
| 648 #7 - SUBJECT ADDED ENTRY--CHRONOLOGICAL TERM |
| Chronological term |
1901-2000 |
| Source of heading or term |
DBN |
| 9 (RLIN) |
34996 |
| 648 #7 - SUBJECT ADDED ENTRY--CHRONOLOGICAL TERM |
| Chronological term |
1939-1945 |
| Source of heading or term |
DBN |
| 9 (RLIN) |
36042 |
| 648 #7 - SUBJECT ADDED ENTRY--CHRONOLOGICAL TERM |
| Chronological term |
1945-1989 |
| Source of heading or term |
DBN |
| 9 (RLIN) |
36043 |
| 648 #7 - SUBJECT ADDED ENTRY--CHRONOLOGICAL TERM |
| Chronological term |
1989-2000 |
| Source of heading or term |
DBN |
| 9 (RLIN) |
36156 |
| 648 #7 - SUBJECT ADDED ENTRY--CHRONOLOGICAL TERM |
| Chronological term |
2001- |
| Source of heading or term |
DBN |
| 9 (RLIN) |
36393 |
| 650 #7 - Hasło przedmiotowe-nazwa pospolita |
| nazwa pospolita lub geogr. |
Agromelioranci |
| źródło hasła |
DBN |
| 9 (RLIN) |
39304 |
| 650 #7 - Hasło przedmiotowe-nazwa pospolita |
| nazwa pospolita lub geogr. |
Melioracje rolne |
| określnik geograficzny |
Polska |
| -- |
Mazury (region) |
| określnik formy |
biografie. |
| źródło hasła |
kaba |
| 9 (RLIN) |
39310 |
| 650 #7 - Hasło przedmiotowe-nazwa pospolita |
| nazwa pospolita lub geogr. |
Melioracje rolne |
| określnik geograficzny |
Polska |
| -- |
Warmia (region) |
| określnik formy |
biografie. |
| źródło hasła |
kaba |
| 9 (RLIN) |
39311 |
| 651 #7 - Hasło przedmiotowe-nazwa geogr. |
| nazwa geograficzna |
Województwo olsztyńskie (1946-1975) |
| źródło hasła |
DBN |
| 9 (RLIN) |
39208 |
| 651 #7 - Hasło przedmiotowe-nazwa geogr. |
| nazwa geograficzna |
Województwo olsztyńskie (1975-1998) |
| źródło hasła |
DBN |
| 9 (RLIN) |
39309 |
| 651 #7 - Hasło przedmiotowe-nazwa geogr. |
| nazwa geograficzna |
Województwo warmińsko-mazurskie (1999- ) |
| źródło hasła |
DBN |
| 9 (RLIN) |
35400 |
| 655 #7 - Termin określający rodzaj/formę |
| rodzaj/forma |
Słownik biograficzny |
| źródło terminu |
DBN |
| 9 (RLIN) |
35456 |
| 658 ## - Nazwa określająca cel programu nauczania |
| główny cel programu nauczania |
Rolnictwo i leśnictwo |
| 700 1# - Hasło dodatkowe - nazwa osobowa |
| nazwa osobowa |
Żerański, Zbigniew |
| daty biograficzne |
(1932- ). |
| rodzaj współpracy |
Redakcja |
| 9 (RLIN) |
39308 |
| 710 2# - Hasło dodatkowe - nazwa ciała zbior. |
| nazwa ciała zbior. lub nazwa geogr. |
Stowarzyszenie Inżynierów i Techników Wodnych i Melioracyjnych. |
| rodzaj współpracy |
Wydawca |
| kod rodzaju współpracy |
pbl |
| 9 (RLIN) |
39305 |
| 710 2# - Hasło dodatkowe - nazwa ciała zbior. |
| nazwa ciała zbior. lub nazwa geogr. |
Stowarzyszenie Inżynierów i Techników Wodnych i Melioracyjnych. |
| nazwa jednostki podrzędnej |
Oddział (Elbląg). |
| -- |
Zarząd. |
| rodzaj współpracy |
Wydawca |
| kod rodzaju współpracy |
pbl |
| 9 (RLIN) |
39307 |
| 920 ## - ISBN |
| ISBN |
978-83-929970-0-9 (oprawa twarda) |
| 942 ## - ADDED ENTRY ELEMENTS (KOHA) |
| Source of classification or shelving scheme |
Dewey Decimal Classification |
| Koha item type |
pozycje dostępne na miejscu |